000 00260nam a2200109Ia 4500
008 190216s9999||||xx |||||||||||||| ||und||
100 _aKaladi Gopinath
245 0 _aEzhu Rathrikal
260 _bPoorna Pubs Kozhikode
650 _aMalayalam Novel
942 _cBK
999 _c24277
_d24277